Pamiatková obnova a adaptácia Františkovej Huty v Podbiely

Gespeichert in:
Bibliographische Detailangaben
1. Verfasser: Kostelná, Barbora (Verfasst von)
Weitere Verfasser: Pauliny, Pavol (Betreuung Doktorarbeit)
Format: Manuskript Buch
Sprache:Slowakisch
Veröffentlicht: Bratislava 2023
Schlagworte:
Online-Zugang:http://is.stuba.sk/zp/portal_zp.pl?podrobnosti=172061
Tags: Tag hinzufügen
Keine Tags, Fügen Sie das erste Tag hinzu!

MARC

LEADER 00000ntm a22000003a 4500
001 stuzp94314
003 SK-STU
005 20231011093309.6
007 ta
008 150427s2015----xo-----f-mn---000-0-slo-d
040 |a STU  |b slo 
041 0 |a slo 
100 1 |a Kostelná, Barbora  |u 053130  |4 aut  |U FAD Fakulta architektúry a dizajnu  |T FAD Ústav dejín a teórie architektúry a obnovy pamiatok  |X 93672  |U A3130  |Y 394  |7 93672 
242 0 1 |a Monument restoration and adaptation of Františková Huta in Podbiel  |y eng 
245 1 0 |a Pamiatková obnova a adaptácia Františkovej Huty v Podbiely 
260 |c 2023  |a Bratislava 
650 4 |a technická pamiatka  |2 slo 
650 4 |a Nižná, Podbiel  |2 slo 
650 4 |a Františková huta  |2 slo 
650 4 |a železiarstvo na Orave  |2 slo 
650 4 |a obnova  |2 slo 
650 4 |a huta  |2 slo 
650 4 |a smelter  |2 eng 
650 4 |a Františková smelter  |2 eng 
650 4 |a ironworks on Orava,  |2 eng 
650 4 |a technical monument  |2 eng 
650 4 |a restoration  |2 eng 
650 4 |a Nižná  |2 eng 
650 4 |a Podbiel  |2 eng 
700 1 |a Pauliny, Pavol  |u 053130  |k Z1  |4 ths  |U FAD Fakulta architektúry a dizajnu  |T FAD Ústav dejín a teórie architektúry a obnovy pamiatok  |X 474  |U A3130  |Y 394  |7 474 
856 4 |u http://is.stuba.sk/zp/portal_zp.pl?podrobnosti=172061  |u https://opac.crzp.sk/?fn=detailBiblioForm&sid=1755732D0F093F437BAB35EAC795